Tizenöt sportriport

Bibliographic Details
Main Author: Batta, György, 1943- (Author)
Other Authors: Berenhaut, Róbert, 1929- (Illustrator), Kolár, Péter (Illustrator)
Format: Book
Language:Hungarian
PhysicalDescription:89, [3] s., [8] s. fot. príl. 8°
Published: Bratislava Madách Könyvkiadó 1973
Subjects:

MARC

LEADER 00000nam a2200000 a 4500
001 vtls008326344
003 SK-MaSNL
005 20260301164633.0
008 190102s1973 xo 000 hun
015 |a SKSNBA1973/10-02395 
035 |a SK01SNK19730018561 
035 |a SKM000021024 
040 |a SNK  |b slo  |c SNK  |e AACR2 
041 1 |a hun 
044 |a xo  |c SK 
080 |a 796(045)=945.11  |2 1981 
080 |a 894.511-9(081)=945.11  |2 1981 
100 1 |a Batta, György, 1943-  |4 aut  |9 114270 
245 1 0 |a Tizenöt sportriport  |c Batta György ; a fényképeket Berenhaut Róbert és Kolár Péter készít 
260 |a Bratislava  |b Madách Könyvkiadó  |c 1973  |e Bratislava  |f Pravda 
300 |a 89, [3] s., [8] s. fot. príl.  |c 8° 
500 |a Tb. 
563 |a 16800 výtl. 
650 0 7 |a šport  |x reportáže  |2 SNK  |9 532316 
655 7 |a zborníky  |2 SNKPH  |9 70165 
655 7 |a umelecká literatúra  |2 SNKPH  |9 60405 
700 1 |a Berenhaut, Róbert,  |d 1929-  |4 ill  |9 30294 
700 1 |a Kolár, Péter  |4 ill  |9 280248 
852 |a Slovenská národná knižnica v Martine  |b 10000  |h SD 43206 
852 |a Slovenská národná knižnica v Martine  |b 10000  |h SD 43206 D1 
958 |a OND 
958 |a TL 
958 |a RK 
958 |a NB 
958 |a LX 
958 |a HU 
999 |c 821313  |d 823243 
952 |a SNK  |b SNK  |y VYP  |7 0  |p 17A1023020  |o snkSD 43206 D1  |i snkKSP 6669/73  |0 0  |1 0  |4 0  |d 2013-12-05  |l 0  |r 2026-02-24 03:06:44  |w 2026-02-24